Islahi nisab(urdu)/ (Record no. 101167)
[ view plain ]
| 000 -LEADER | |
|---|---|
| fixed length control field | 00414nam a22001457a 4500 |
| 005 - DATE AND TIME OF LATEST TRANSACTION | |
| control field | 20250530115918.0 |
| 008 - FIXED-LENGTH DATA ELEMENTS--GENERAL INFORMATION | |
| fixed length control field | 171228b xxu||||| |||| 00| 0 eng d |
| 040 ## - CATALOGING SOURCE | |
| Transcribing agency | PK-LaUMT |
| 082 ## - DEWEY DECIMAL CLASSIFICATION NUMBER | |
| Classification number | PKAC 297.07 |
| Item number | ASH-I |
| 100 ## - MAIN ENTRY--PERSONAL NAME | |
| Personal name | Ashraf Ali Thanavi ,Muhammad |
| 245 ## - TITLE STATEMENT | |
| Title | Islahi nisab(urdu)/ |
| Statement of responsibility, etc | Muhammad Ashraf Ali Thanavi |
| 260 ## - PUBLICATION, DISTRIBUTION, ETC. (IMPRINT) | |
| Place of publication, distribution, etc | کراچی: |
| Name of publisher, distributor, etc | دارلاشاعت، |
| Date of publication, distribution, etc | 1990 |
| 300 ## - PHYSICAL DESCRIPTION | |
| Extent | 574 ص |
| 942 ## - ADDED ENTRY ELEMENTS (KOHA) | |
| Koha item type | Books |
| Withdrawn status | Lost status | Damaged status | Home library | Current library | Date acquired | Full call number | Barcode | Date last seen | Price effective from | Koha item type |
|---|---|---|---|---|---|---|---|---|---|---|
| UMT Main Campus | UMT Main Campus | 2017-12-28 | PKAC 297.07 ASH-I | 116822 | 2017-12-28 | 2017-12-28 | Books |
